000 02296nmm a22002777a 4500
001 000321
003 UAHC_CL
005 20260417171109.0
008 260417s2025 cl o d 000 spa d
040 _aUAHC_CL
_cUAHC_CL
_dUAHC_CL
100 _aHernández Chau, Lincoyan
_923329
245 1 0 _aRitual flamenco
_cLincoyan Hernández ; profesor guía Luis Campos.
_bcaracterización de transmisiones culturales tradicionales del flamenco en Santiago de Chile
260 _aSantiago, Chile :
_bUniversidad Academia de Humanismo Cristiano,
_c2025.
300 _a139 páginas.
500 _aTesis para optar al grado de Licenciado/a en Antropología y al título de Antropólogo/a Social.
502 _aTesis (Antropología) -- Universidad Academia de Humanismo Cristiano, 2025.
516 _aTesis electrónica (PDF). Solicitar envío de documento a biblioteca@academia.cl.
520 _aEsta es una investigación sobre qué y cómo se transmiten elementos culturales tradicionales del flamenco en Santiago de Chile. Para ello se presentará un análisis bibliográfico que nos ayudará a comprender el desarrollo de algunas representaciones del flamenco en la historia, con ello identificar algunas de sus palabras clave en el argot flamenco y así entender cómo se han planteado ideas tradicionalistas/puristas de este arte del mismo modo que han surgido ideas innovadoras/heterodoxas. Conocer esta doble cara de la producción del flamenco nos permitirá acercarnos a los elementos que se han transmitido en Chile durante el último siglo hasta hoy, ya sea en escuelas de flamenco como con profesores particulares del tema; también conocer cómo es reproducida esta información entre estudiantes para lo que se observaron siete casos de transmisión del flamenco entre los años 2020 y 2022. Por último se hará una reflexión abordando al flamenco desde sus cualidades rituales y usos locales hoy en día, buscando una profundización conceptual que nos acerque a la comprensión cultural del flamenco.
650 0 _aIdentidad cultural
_91868
650 0 _aMúsica tradicional
_923330
650 0 _aPatrimonio cultural inmaterial
_923255
650 0 _aFlamenco
_xEnseñanza
_923331
700 _aCampos Muñoz, Luis
_92070
_eprofesor guía
900 _aTANT 389
942 _cTS
_2ddc
999 _c63617
_d63617